[Event "DEM U18w 2018"]
[Site "Willingen GER"]
[Date "2018.05.23"]
[Round "5"]
[White "Mylke, Sandy-Michelle"]
[Black "Schmidt, Aliyah"]
[Result "1-0"]
[Termination "normal"]
[Board "12"]
[WhiteElo "1100"]
[BlackElo "1388"]
[WhiteClock "00:37:22"]
[BlackClock "00:11:58"]
[PlyCount "71"]
[WhiteFideId "16235045"]
[BlackFideId "16240103"]
[EventCountry "GER"]
[EventRounds "9"]
[EventType "swiss"]
[EventDate "2018.05.19"]

1. d4 {[%clk 1:30:37]} 1... d5 {[%clk 1:30:52]} 2. Bf4 {[%clk 1:30:48]} 2...
Nf6 {[%clk 1:31:05]} 3. e3 {[%clk 1:31:00]} 3... e6 {[%clk 1:28:52]} 4. Nf3 {
[%clk 1:28:40]} 4... Be7 {[%clk 1:29:13]} 5. Bd3 {[%clk 1:27:35]} 5... b6 {
[%clk 1:28:07]} 6. Nbd2 {[%clk 1:25:50]} 6... O-O {[%clk 1:22:20]} 7. O-O {
[%clk 1:25:23]} 7... c5 {[%clk 1:18:46]} 8. c3 {[%clk 1:25:23]} 8... Ba6 {
[%clk 1:14:38]} 9. Ne5 {[%clk 1:21:54]} 9... Bxd3 {[%clk 1:12:21]} 10. Nxd3 {
[%clk 1:22:05]} 10... Nbd7 {[%clk 1:12:09]} 11. Nf3 {[%clk 1:21:05]} 11... Nh5
{[%clk 1:06:36]} 12. Bg3 {[%clk 1:19:34]} 12... Nxg3 {[%clk 1:06:27]} 13. hxg3
{[%clk 1:19:45]} 13... Rc8 {[%clk 1:01:51]} 14. Re1 {[%clk 1:14:59]} 14... cxd4
{[%clk 0:59:42]} 15. exd4 {[%clk 1:13:28]} 15... Bd6 {[%clk 0:55:11]} 16. Nde5
{[%clk 1:08:29]} 16... Nxe5 {[%clk 0:53:29]} 17. dxe5 {[%clk 1:05:38]} 17...
Be7 {[%clk 0:50:54]} 18. Qd2 {[%clk 1:02:13]} 18... Qd7 {[%clk 0:45:59]} 19.
Rac1 {[%clk 0:58:22]} 19... b5 {[%clk 0:43:44]} 20. b3 {[%clk 0:54:45]} 20...
a5 {[%clk 0:42:06]} 21. Qd3 {[%clk 0:50:35]} 21... Rc7 {[%clk 0:37:24]} 22. Nd4
{[%clk 0:49:03]} 22... Rb8 {[%clk 0:36:14]} 23. f4 {[%clk 0:46:43]} 23... b4 {
[%clk 0:33:49]} 24. Kf2 {[%clk 0:42:56]} 24... bxc3 {[%clk 0:33:50]} 25. Rh1 {
[%clk 0:42:59]} 25... g6 {[%clk 0:31:43]} 26. g4 {[%clk 0:41:59]} 26... Kg7 {
[%clk 0:28:39]} 27. Qh3 {[%clk 0:40:34]} 27... Rh8 {[%clk 0:28:49]} 28. f5 {
[%clk 0:38:35]} 28... Bg5 {[%clk 0:24:01]} 29. Rc2 {[%clk 0:35:38]} 29... exf5
{[%clk 0:18:43]} 30. gxf5 {[%clk 0:35:28]} 30... h6 {[%clk 0:14:56]} 31. Rxc3 {
[%clk 0:35:42]} 31... Rxc3 {[%clk 0:14:41]} 32. f6+ {[%clk 0:36:04]} 32... Kg8
{[%clk 0:12:10]} 33. Qxd7 {[%clk 0:36:24]} 33... h5 {[%clk 0:11:30]} 34. Qe8+ {
[%clk 0:36:37]} 34... Kh7 {[%clk 0:11:35]} 35. Qxf7+ {[%clk 0:36:59]} 35... Kh6
{[%clk 0:11:58]} 36. Qg7# {[%clk 0:37:22]} 1-0

[Event "DEM U18w 2018"]
[Site "Willingen GER"]
[Date "2018.05.23"]
[Round "5"]
[White "Lohrmann, Tabea"]
[Black "König, Emmilie"]
[Result "1/2-1/2"]
[Termination "normal"]
[Board "13"]
[WhiteElo "1632"]
[BlackElo "1539"]
[WhiteClock "00:33:50"]
[BlackClock "00:42:12"]
[PlyCount "40"]
[WhiteFideId "12911941"]
[BlackFideId "16218329"]
[EventCountry "GER"]
[EventRounds "9"]
[EventType "swiss"]
[EventDate "2018.05.19"]

1. e4 {[%clk 1:30:56]} 1... c6 {[%clk 1:30:57]} 2. Bc4 {[%clk 1:31:13]} 2... d5
{[%clk 1:30:00]} 3. exd5 {[%clk 1:30:58]} 3... cxd5 {[%clk 1:30:29]} 4. Bb5+ {
[%clk 1:30:38]} 4... Bd7 {[%clk 1:30:36]} 5. Bxd7+ {[%clk 1:30:32]} 5... Nxd7 {
[%clk 1:30:58]} 6. d4 {[%clk 1:30:14]} 6... e6 {[%clk 1:30:42]} 7. Nf3 { [%clk
1:27:21]} 7... g6 {[%clk 1:28:07]} 8. Bf4 {[%clk 1:22:39]} 8... Bg7 { [%clk
1:21:55]} 9. Qd2 {[%clk 1:15:03]} 9... Ngf6 {[%clk 1:21:02]} 10. Nc3 { [%clk
1:14:24]} 10... O-O {[%clk 1:18:23]} 11. O-O-O {[%clk 1:09:47]} 11... Qa5
{[%clk 1:10:53]} 12. Ne5 {[%clk 0:58:35]} 12... Rac8 {[%clk 1:00:14]} 13. Kb1 {
[%clk 0:50:29]} 13... Nxe5 {[%clk 0:53:50]} 14. Bxe5 {[%clk 0:50:18]} 14... Rc6
{[%clk 0:51:29]} 15. Ne4 {[%clk 0:43:17]} 15... Qxd2 {[%clk 0:46:47]} 16. Nxf6+
{[%clk 0:40:53]} 16... Bxf6 {[%clk 0:47:00]} 17. Rxd2 {[%clk 0:41:15]} 17...
Bxe5 {[%clk 0:46:23]} 18. dxe5 {[%clk 0:41:37]} 18... Rfc8 {[%clk 0:44:52]} 19.
c3 {[%clk 0:37:10]} 19... Kg7 {[%clk 0:43:45]} 20. f4 {[%clk 0:33:50]} 20...
Rc4 {[%clk 0:42:12]} 1/2-1/2

[Event "DEM U18w 2018"]
[Site "Willingen GER"]
[Date "2018.05.23"]
[Round "6"]
[White "Wächter, Nathalie"]
[Black "Sieber, Fiona"]
[Result "0-1"]
[Termination "normal"]
[Board "1"]
[BlackTitle "WIM"]
[WhiteElo "1954"]
[BlackElo "2234"]
[WhiteClock "00:03:44"]
[BlackClock "00:21:24"]
[PlyCount "56"]
[WhiteFideId "12921033"]
[BlackFideId "12902373"]
[EventCountry "GER"]
[EventRounds "9"]
[EventType "swiss"]
[EventDate "2018.05.19"]

1. d4 {[%clk 1:30:58]} 1... Nf6 {[%clk 1:30:55]} 2. c4 {[%clk 1:31:24]} 2... e6
{[%clk 1:31:21]} 3. Nc3 {[%clk 1:31:50]} 3... Bb4 {[%clk 1:31:46]} 4. Qc2 {
[%clk 1:32:16]} 4... O-O {[%clk 1:32:11]} 5. Nf3 {[%clk 1:32:35]} 5... c5 {
[%clk 1:32:29]} 6. dxc5 {[%clk 1:32:55]} 6... Na6 {[%clk 1:32:50]} 7. Bd2 {
[%clk 1:33:02]} 7... Nxc5 {[%clk 1:31:08]} 8. a3 {[%clk 1:33:19]} 8... Bxc3 {
[%clk 1:31:30]} 9. Bxc3 {[%clk 1:33:43]} 9... b6 {[%clk 1:26:46]} 10. Ng5 {
[%clk 1:29:31]} 10... g6 {[%clk 1:11:10]} 11. b4 {[%clk 1:29:13]} 11... Na6 {
[%clk 1:08:59]} 12. Ne4 {[%clk 1:16:33]} 12... Nxe4 {[%clk 1:05:37]} 13. Qxe4 {
[%clk 1:16:58]} 13... Nc7 {[%clk 1:05:45]} 14. h4 {[%clk 1:11:26]} 14... d5 {
[%clk 0:52:11]} 15. Qd4 {[%clk 0:31:46]} 15... f6 {[%clk 0:52:11]} 16. h5 {
[%clk 0:31:24]} 16... e5 {[%clk 0:49:41]} 17. Qd2 {[%clk 0:18:13]} 17... dxc4 {
[%clk 0:46:22]} 18. Qb2 {[%clk 0:16:42]} 18... g5 {[%clk 0:42:30]} 19. e3 {
[%clk 0:14:15]} 19... Be6 {[%clk 0:38:34]} 20. b5 {[%clk 0:13:00]} 20... Qd5 {
[%clk 0:29:45]} 21. a4 {[%clk 0:08:50]} 21... Rfd8 {[%clk 0:28:59]} 22. f3 {
[%clk 0:08:01]} 22... Qc5 {[%clk 0:28:30]} 23. e4 {[%clk 0:07:47]} 23... a6 {
[%clk 0:26:11]} 24. Be2 {[%clk 0:06:53]} 24... axb5 {[%clk 0:25:21]} 25. Bb4 {
[%clk 0:07:17]} 25... Qe3 {[%clk 0:21:37]} 26. axb5 {[%clk 0:03:49]} 26...
Rxa1+ {[%clk 0:21:22]} 27. Qxa1 {[%clk 0:04:18]} 27... Nxb5 {[%clk 0:21:13]}
28. Be7 {[%clk 0:03:44]} 28... Nc3 {[%clk 0:21:24]} 0-1

[Event "DEM U18w 2018"]
[Site "Willingen GER"]
[Date "2018.05.23"]
[Round "6"]
[White "Lange, Cecilia"]
[Black "Leser, Katrin"]
[Result "1/2-1/2"]
[Termination "normal"]
[Board "3"]
[WhiteElo "1929"]
[BlackElo "1862"]
[WhiteClock "00:17:26"]
[BlackClock "00:04:13"]
[PlyCount "117"]
[WhiteFideId "12976040"]
[BlackFideId "12997692"]
[EventCountry "GER"]
[EventRounds "9"]
[EventType "swiss"]
[EventDate "2018.05.19"]

1. e4 {[%clk 1:30:59]} 1... e5 {[%clk 1:30:56]} 2. Nf3 {[%clk 1:31:24]} 2...
Nc6 {[%clk 1:31:20]} 3. Bb5 {[%clk 1:31:50]} 3... a6 {[%clk 1:31:45]} 4. Ba4 {
[%clk 1:32:16]} 4... Nf6 {[%clk 1:32:10]} 5. d3 {[%clk 1:32:41]} 5... b5 {
[%clk 1:32:32]} 6. Bb3 {[%clk 1:33:06]} 6... Be7 {[%clk 1:32:51]} 7. O-O {
[%clk 1:33:17]} 7... O-O {[%clk 1:33:02]} 8. Nc3 {[%clk 1:33:19]} 8... d6 {
[%clk 1:27:52]} 9. a3 {[%clk 1:31:05]} 9... Bb7 {[%clk 1:27:13]} 10. Be3 {
[%clk 1:28:54]} 10... Qd7 {[%clk 1:24:11]} 11. Nd5 {[%clk 1:27:08]} 11... Nxd5
{[%clk 1:22:53]} 12. Bxd5 {[%clk 1:26:49]} 12... Nd8 {[%clk 1:22:04]} 13. d4 {
[%clk 1:22:22]} 13... Bxd5 {[%clk 1:09:00]} 14. exd5 {[%clk 1:22:23]} 14... e4
{[%clk 1:02:50]} 15. Nd2 {[%clk 1:21:22]} 15... Qf5 {[%clk 0:59:52]} 16. Re1 {
[%clk 1:21:27]} 16... Qxd5 {[%clk 0:50:02]} 17. f3 {[%clk 1:00:22]} 17... exf3
{[%clk 0:49:18]} 18. Qxf3 {[%clk 0:59:21]} 18... Qxf3 {[%clk 0:47:52]} 19. Nxf3
{[%clk 0:59:50]} 19... Bf6 {[%clk 0:42:42]} 20. c3 {[%clk 0:57:18]} 20... d5 {
[%clk 0:39:42]} 21. a4 {[%clk 0:51:31]} 21... Nb7 {[%clk 0:35:29]} 22. Ra2 {
[%clk 0:48:39]} 22... Rfe8 {[%clk 0:32:18]} 23. Kf2 {[%clk 0:47:03]} 23... c6 {
[%clk 0:26:49]} 24. Rea1 {[%clk 0:46:16]} 24... a5 {[%clk 0:26:23]} 25. axb5 {
[%clk 0:43:46]} 25... cxb5 {[%clk 0:26:44]} 26. Ne1 {[%clk 0:43:11]} 26... Re6
{[%clk 0:23:28]} 27. Nd3 {[%clk 0:42:02]} 27... Rae8 {[%clk 0:23:05]} 28. Re1 {
[%clk 0:41:50]} 28... h6 {[%clk 0:18:37]} 29. Raa1 {[%clk 0:39:53]} 29... a4 {
[%clk 0:15:31]} 30. Bf4 {[%clk 0:37:15]} 30... Rxe1 {[%clk 0:12:22]} 31. Rxe1 {
[%clk 0:35:55]} 31... Rxe1 {[%clk 0:12:39]} 32. Kxe1 {[%clk 0:36:15]} 32... Be7
{[%clk 0:12:22]} 33. Kd1 {[%clk 0:26:00]} 33... Na5 {[%clk 0:04:28]} 34. Kc2 {
[%clk 0:23:47]} 34... Nc6 {[%clk 0:04:41]} 35. Bc7 {[%clk 0:20:44]} 35... g5 {
[%clk 0:04:38]} 36. h4 {[%clk 0:19:29]} 36... Kg7 {[%clk 0:03:28]} 37. hxg5 {
[%clk 0:19:19]} 37... hxg5 {[%clk 0:03:52]} 38. b3 {[%clk 0:14:35]} 38... axb3+
{[%clk 0:04:14]} 39. Kxb3 {[%clk 0:14:56]} 39... Kg6 {[%clk 0:03:12]} 40. Kc2 {
[%clk 0:11:52]} 40... Kf5 {[%clk 0:01:22]} 41. Nf2 {[%clk 0:11:30]} 41... Ke6 {
[%clk 0:21:36]} 42. Kd3 {[%clk 0:40:19]} 42... f5 {[%clk 0:19:49]} 43. Bh2 {
[%clk 0:32:44]} 43... f4 {[%clk 0:17:44]} 44. g3 {[%clk 0:28:44]} 44... Bd6 {
[%clk 0:12:42]} 45. gxf4 {[%clk 0:27:46]} 45... gxf4 {[%clk 0:12:26]} 46. Ke2 {
[%clk 0:26:18]} 46... f3+ {[%clk 0:12:28]} 47. Kxf3 {[%clk 0:26:11]} 47... Bxh2
{[%clk 0:12:52]} 48. Ke2 {[%clk 0:25:28]} 48... Bg1 {[%clk 0:07:01]} 49. Nd1 {
[%clk 0:23:04]} 49... Nxd4+ {[%clk 0:06:15]} 50. Kf1 {[%clk 0:21:20]} 50... Ke5
{[%clk 0:04:58]} 51. Kxg1 {[%clk 0:21:27]} 51... Ne2+ {[%clk 0:04:20]} 52. Kf2
{[%clk 0:21:39]} 52... Nxc3 {[%clk 0:04:25]} 53. Nxc3 {[%clk 0:21:59]} 53... b4
{[%clk 0:04:52]} 54. Na2 {[%clk 0:16:23]} 54... b3 {[%clk 0:04:53]} 55. Nc1 {
[%clk 0:16:28]} 55... Kd4 {[%clk 0:04:04]} 56. Nxb3+ {[%clk 0:16:48]} 56... Kc3
{[%clk 0:04:26]} 57. Nc1 {[%clk 0:16:38]} 57... d4 {[%clk 0:03:46]} 58. Ne2+ {
[%clk 0:17:03]} 58... Kd3 {[%clk 0:04:13]} 59. Nxd4 {[%clk 0:17:26]} 1/2-1/2

[Event "DEM U18w 2018"]
[Site "Willingen GER"]
[Date "2018.05.23"]
[Round "6"]
[White "Arnhold, Steffi"]
[Black "Poetsch, Leonore"]
[Result "1/2-1/2"]
[Termination "normal"]
[Board "4"]
[WhiteElo "1923"]
[BlackElo "1902"]
[WhiteClock "00:05:22"]
[BlackClock "00:18:18"]
[PlyCount "81"]
[WhiteFideId "12931365"]
[BlackFideId "12940372"]
[EventCountry "GER"]
[EventRounds "9"]
[EventType "swiss"]
[EventDate "2018.05.19"]

1. e4 {[%clk 1:30:57]} 1... e6 {[%clk 1:30:54]} 2. d4 {[%clk 1:31:20]} 2... d5
{[%clk 1:31:18]} 3. Nc3 {[%clk 1:31:43]} 3... Nf6 {[%clk 1:31:44]} 4. Bg5 {
[%clk 1:31:59]} 4... Bb4 {[%clk 1:32:08]} 5. e5 {[%clk 1:32:10]} 5... h6 {
[%clk 1:32:32]} 6. Bh4 {[%clk 1:31:24]} 6... g5 {[%clk 1:32:31]} 7. Bg3 { [%clk
1:31:47]} 7... Ne4 {[%clk 1:32:12]} 8. Nge2 {[%clk 1:31:21]} 8... Nc6 { [%clk
1:25:07]} 9. f3 {[%clk 1:20:31]} 9... Nxc3 {[%clk 1:24:20]} 10. Nxc3 { [%clk
1:19:45]} 10... Bxc3+ {[%clk 1:23:05]} 11. bxc3 {[%clk 1:20:06]} 11... Qe7
{[%clk 1:20:55]} 12. h4 {[%clk 1:16:34]} 12... Bd7 {[%clk 1:18:12]} 13. hxg5
{[%clk 1:12:53]} 13... Qxg5 {[%clk 1:18:27]} 14. Bf2 {[%clk 1:11:10]} 14...
O-O-O {[%clk 1:16:04]} 15. Qd3 {[%clk 1:07:04]} 15... Rde8 { [%clk 1:11:38]}
16. Bh4 {[%clk 1:04:21]} 16... Qg6 {[%clk 1:04:48]} 17. Rb1 { [%clk 0:58:36]}
17... Ne7 {[%clk 0:59:53]} 18. Qxg6 {[%clk 0:42:21]} 18... Nxg6 {[%clk
0:58:25]} 19. Bf6 {[%clk 0:40:58]} 19... Rh7 {[%clk 0:58:15]} 20. Bd3 { [%clk
0:40:43]} 20... c5 {[%clk 0:56:31]} 21. dxc5 {[%clk 0:37:06]} 21... Kb8 { [%clk
0:55:14]} 22. Kd2 {[%clk 0:35:27]} 22... Ka8 {[%clk 0:54:53]} 23. Rh2 { [%clk
0:33:55]} 23... Rc8 {[%clk 0:52:48]} 24. Rbh1 {[%clk 0:32:12]} 24... Rxc5
{[%clk 0:51:32]} 25. Rxh6 {[%clk 0:26:11]} 25... Rxh6 {[%clk 0:51:53]} 26. Rxh6
{[%clk 0:26:38]} 26... Be8 {[%clk 0:47:52]} 27. g4 {[%clk 0:22:23]} 27... a6 {
[%clk 0:47:27]} 28. Bxg6 {[%clk 0:21:22]} 28... fxg6 {[%clk 0:47:49]} 29. Rh8 {
[%clk 0:21:11]} 29... Rc8 {[%clk 0:48:10]} 30. Rg8 {[%clk 0:20:53]} 30... Ka7 {
[%clk 0:45:05]} 31. Be7 {[%clk 0:18:43]} 31... a5 {[%clk 0:43:07]} 32. Bd6 {
[%clk 0:17:46]} 32... Ka6 {[%clk 0:42:04]} 33. Rf8 {[%clk 0:16:17]} 33... Bd7 {
[%clk 0:39:29]} 34. Rf7 {[%clk 0:15:48]} 34... Ba4 {[%clk 0:38:38]} 35. Kd3 {
[%clk 0:14:52]} 35... Bb5+ {[%clk 0:25:29]} 36. Kd2 {[%clk 0:14:24]} 36... Rh8
{[%clk 0:25:22]} 37. Re7 {[%clk 0:09:49]} 37... Rh2+ {[%clk 0:24:43]} 38. Kc1 {
[%clk 0:10:03]} 38... Ba4 {[%clk 0:22:57]} 39. Rxe6 {[%clk 0:09:55]} 39...
Rxc2+ {[%clk 0:20:02]} 40. Kb1 {[%clk 0:10:18]} 40... Rxc3 {[%clk 0:18:18]} 41.
Rxg6 {[%clk 0:05:22]} 1/2-1/2

[Event "DEM U18w 2018"]
[Site "Willingen GER"]
[Date "2018.05.23"]
[Round "6"]
[White "Rogozenco, Teodora"]
[Black "Halas, Julia"]
[Result "1-0"]
[Termination "normal"]
[Board "5"]
[WhiteTitle "WFM"]
[WhiteElo "2090"]
[BlackElo "1979"]
[WhiteClock "00:04:03"]
[BlackClock "00:01:16"]
[PlyCount "119"]
[WhiteFideId "12938084"]
[BlackFideId "12931810"]
[EventCountry "GER"]
[EventRounds "9"]
[EventType "swiss"]
[EventDate "2018.05.19"]

1. d4 {[%clk 1:30:58]} 1... Nf6 {[%clk 1:30:55]} 2. Nf3 {[%clk 1:30:56]} 2...
g6 {[%clk 1:31:16]} 3. Bg5 {[%clk 1:31:10]} 3... Bg7 {[%clk 1:31:30]} 4. Nbd2 {
[%clk 1:31:32]} 4... O-O {[%clk 1:31:31]} 5. c3 {[%clk 1:31:57]} 5... d6 {
[%clk 1:31:55]} 6. e4 {[%clk 1:32:12]} 6... c5 {[%clk 1:31:57]} 7. dxc5 { [%clk
1:31:35]} 7... dxc5 {[%clk 1:32:19]} 8. Be2 {[%clk 1:31:12]} 8... Nc6 { [%clk
1:32:16]} 9. O-O {[%clk 1:31:03]} 9... h6 {[%clk 1:30:35]} 10. Bf4 { [%clk
1:29:07]} 10... Nh5 {[%clk 1:23:54]} 11. Be3 {[%clk 1:29:05]} 11... b6 { [%clk
1:15:01]} 12. Qc2 {[%clk 1:07:06]} 12... Qc7 {[%clk 1:09:24]} 13. Rfe1 { [%clk
1:07:09]} 13... Nf4 {[%clk 1:08:46]} 14. Bf1 {[%clk 1:07:33]} 14... g5 { [%clk
1:07:54]} 15. a4 {[%clk 1:06:41]} 15... Be6 {[%clk 0:57:41]} 16. Nc4 { [%clk
1:03:34]} 16... Rab8 {[%clk 0:46:34]} 17. Bc1 {[%clk 0:51:32]} 17... Rfd8
{[%clk 0:29:33]} 18. Ne3 {[%clk 0:49:50]} 18... Ne5 {[%clk 0:29:04]} 19. Nxe5 {
[%clk 0:48:59]} 19... Qxe5 {[%clk 0:28:58]} 20. Bc4 {[%clk 0:26:21]} 20... Bxc4
{[%clk 0:26:39]} 21. Nxc4 {[%clk 0:26:43]} 21... Qc7 {[%clk 0:26:21]} 22. Bxf4
{[%clk 0:24:27]} 22... Qxf4 {[%clk 0:26:14]} 23. g3 {[%clk 0:24:51]} 23... Qc7
{[%clk 0:25:12]} 24. e5 {[%clk 0:25:04]} 24... a6 {[%clk 0:17:05]} 25. e6 {
[%clk 0:24:53]} 25... Rf8 {[%clk 0:17:02]} 26. exf7+ {[%clk 0:22:40]} 26...
Rxf7 {[%clk 0:17:23]} 27. Qe4 {[%clk 0:18:40]} 27... Qb7 {[%clk 0:13:47]} 28.
Qe6 {[%clk 0:17:47]} 28... Qf3 {[%clk 0:13:10]} 29. Re2 {[%clk 0:17:49]} 29...
b5 {[%clk 0:12:46]} 30. Ne5 {[%clk 0:15:31]} 30... Qxe2 {[%clk 0:08:19]} 31.
Qxf7+ {[%clk 0:15:28]} 31... Kh7 {[%clk 0:08:24]} 32. Qf5+ {[%clk 0:15:16]}
32... Kg8 {[%clk 0:07:46]} 33. Qe6+ {[%clk 0:13:57]} 33... Kh7 {[%clk 0:07:41]}
34. Qg6+ {[%clk 0:14:20]} 34... Kg8 {[%clk 0:07:28]} 35. Qe6+ {[%clk 0:08:39]}
35... Kh7 {[%clk 0:07:48]} 36. Qg6+ {[%clk 0:08:43]} 36... Kg8 {[%clk 0:08:09]}
37. Nf7 {[%clk 0:08:20]} 37... Qxb2 {[%clk 0:04:28]} 38. Nxh6+ {[%clk 0:08:43]}
38... Kh8 {[%clk 0:04:44]} 39. Nf7+ {[%clk 0:09:07]} 39... Kg8 {[%clk 0:05:09]}
40. Nh6+ {[%clk 0:09:25]} 40... Kh8 {[%clk 0:05:29]} 41. Rd1 {[%clk 0:22:55]}
41... Qxc3 {[%clk 0:26:54]} 42. Nf7+ {[%clk 0:23:20]} 42... Kg8 {[%clk 0:27:15]
} 43. Nh6+ {[%clk 0:23:47]} 43... Kh8 {[%clk 0:27:38]} 44. Nf7+ {[%clk 0:24:01]
} 44... Kg8 {[%clk 0:28:01]} 45. Nxg5 {[%clk 0:24:26]} 45... Qf6 { [%clk
0:18:31]} 46. Qh7+ {[%clk 0:24:38]} 46... Kf8 {[%clk 0:18:58]} 47. Qh5 { [%clk
0:16:59]} 47... Kg8 {[%clk 0:17:48]} 48. Qh7+ {[%clk 0:17:22]} 48... Kf8 {[%clk
0:18:13]} 49. Qh5 {[%clk 0:17:28]} 49... Kg8 {[%clk 0:18:38]} 50. Rd3 { [%clk
0:11:52]} 50... Bh6 {[%clk 0:09:55]} 51. Ne4 {[%clk 0:12:16]} 51... Qa1+ {[%clk
0:08:23]} 52. Kg2 {[%clk 0:12:41]} 52... Qg7 {[%clk 0:04:41]} 53. Qxc5 { [%clk
0:11:40]} 53... bxa4 {[%clk 0:04:08]} 54. Qc4+ {[%clk 0:10:08]} 54... Kh7
{[%clk 0:04:00]} 55. Qxa4 {[%clk 0:10:14]} 55... Qe5 {[%clk 0:03:59]} 56. Qc4 {
[%clk 0:07:46]} 56... a5 {[%clk 0:03:21]} 57. Rd7 {[%clk 0:05:22]} 57... Rf8 {
[%clk 0:02:47]} 58. Qd3 {[%clk 0:05:23]} 58... Rf5 {[%clk 0:01:17]} 59. Nc3 {
[%clk 0:04:21]} 59... Kg8 {[%clk 0:01:16]} 60. Rd5 {[%clk 0:04:03]} 1-0

[Event "DEM U18w 2018"]
[Site "Willingen GER"]
[Date "2018.05.23"]
[Round "6"]
[White "Diener, Carolin Valeria"]
[Black "Ley, Sabrina"]
[Result "0-1"]
[Termination "normal"]
[Board "6"]
[WhiteElo "1957"]
[BlackElo "1882"]
[WhiteClock "00:12:59"]
[BlackClock "00:26:46"]
[PlyCount "38"]
[WhiteFideId "24699063"]
[BlackFideId "12938130"]
[EventCountry "GER"]
[EventRounds "9"]
[EventType "swiss"]
[EventDate "2018.05.19"]

1. e4 {[%clk 1:30:58]} 1... d5 {[%clk 1:30:57]} 2. exd5 {[%clk 1:31:24]} 2...
Qxd5 {[%clk 1:31:24]} 3. Nc3 {[%clk 1:31:47]} 3... Qd6 {[%clk 1:31:50]} 4. d4 {
[%clk 1:32:02]} 4... Nf6 {[%clk 1:32:14]} 5. Nf3 {[%clk 1:32:01]} 5... a6 {
[%clk 1:32:30]} 6. Bd3 {[%clk 1:31:14]} 6... Nc6 {[%clk 1:31:58]} 7. h3 { [%clk
1:14:58]} 7... g6 {[%clk 1:28:03]} 8. Be3 {[%clk 1:09:56]} 8... Bg7 { [%clk
1:28:13]} 9. Qd2 {[%clk 1:05:59]} 9... O-O {[%clk 1:19:20]} 10. O-O-O { [%clk
0:56:37]} 10... b5 {[%clk 1:06:58]} 11. g4 {[%clk 0:47:35]} 11... Bb7 { [%clk
1:03:59]} 12. Ne4 {[%clk 0:36:57]} 12... Nxe4 {[%clk 0:59:30]} 13. Bxe4 { [%clk
0:35:51]} 13... Qe6 {[%clk 0:42:22]} 14. Bxc6 {[%clk 0:17:52]} 14... Qxc6
{[%clk 0:39:27]} 15. Ng5 {[%clk 0:14:43]} 15... h6 {[%clk 0:35:39]} 16. Nxf7 {
[%clk 0:13:34]} 16... Rxf7 {[%clk 0:34:27]} 17. Rh2 {[%clk 0:13:39]} 17... Qe6
{[%clk 0:26:55]} 18. Kb1 {[%clk 0:13:22]} 18... Bf3 {[%clk 0:26:53]} 19. Re1 {
[%clk 0:12:59]} 19... Qd6 {[%clk 0:26:46]} 0-1

[Event "DEM U18w 2018"]
[Site "Willingen GER"]
[Date "2018.05.23"]
[Round "6"]
[White "Riegel, Arinna"]
[Black "Ratay, Meike"]
[Result "1/2-1/2"]
[Termination "normal"]
[Board "7"]
[WhiteElo "1906"]
[BlackElo "1831"]
[WhiteClock "00:42:17"]
[BlackClock "00:37:20"]
[PlyCount "40"]
[WhiteFideId "12931446"]
[BlackFideId "12977608"]
[EventCountry "GER"]
[EventRounds "9"]
[EventType "swiss"]
[EventDate "2018.05.19"]

1. Nf3 {[%clk 1:30:57]} 1... Nf6 {[%clk 1:30:53]} 2. g3 {[%clk 1:31:21]} 2...
e6 {[%clk 1:31:17]} 3. Bg2 {[%clk 1:31:43]} 3... d5 {[%clk 1:31:31]} 4. O-O {
[%clk 1:32:03]} 4... Be7 {[%clk 1:31:57]} 5. d4 {[%clk 1:32:31]} 5... O-O {
[%clk 1:32:16]} 6. c4 {[%clk 1:32:57]} 6... dxc4 {[%clk 1:32:31]} 7. Qc2 {
[%clk 1:32:48]} 7... a6 {[%clk 1:32:56]} 8. a4 {[%clk 1:32:55]} 8... b6 { [%clk
1:33:19]} 9. Ne5 {[%clk 1:24:31]} 9... Ra7 {[%clk 1:33:44]} 10. Qxc4 { [%clk
1:23:24]} 10... c5 {[%clk 1:28:15]} 11. dxc5 {[%clk 1:16:02]} 11... Bxc5 {[%clk
1:28:33]} 12. Nc3 {[%clk 1:15:51]} 12... Rc7 {[%clk 1:24:28]} 13. Qd3 { [%clk
1:09:47]} 13... Qe7 {[%clk 1:15:45]} 14. Rd1 {[%clk 1:07:22]} 14... Bb7 { [%clk
1:07:55]} 15. Bxb7 {[%clk 0:54:55]} 15... Rxb7 {[%clk 1:08:19]} 16. Be3 { [%clk
0:54:30]} 16... Nfd7 {[%clk 0:51:33]} 17. Bxc5 {[%clk 0:51:05]} 17... Qxc5
{[%clk 0:51:19]} 18. Nf3 {[%clk 0:47:53]} 18... Nf6 {[%clk 0:49:14]} 19. Qd6
{[%clk 0:44:40]} 19... Nbd7 {[%clk 0:42:11]} 20. Rd2 {[%clk 0:42:17]} 20... h6
{[%clk 0:37:20]} 1/2-1/2